Siri skor STPM : hikayat Hang Tuah
| Main Author: | |
|---|---|
| Format: | Book |
| Published: |
P.Jaya :
Pan Asia Publications ,
1993
|
| Subjects: |
MARC
| LEADER | 00000cam a2200000 7i4500 | ||
|---|---|---|---|
| 001 | 0000006130 | ||
| 002 | 000006620 | ||
| 005 | 20000330.0 | ||
| 020 | |a 983814083X | ||
| 090 | 0 | 0 | |a 899.28 |b HAS |
| 100 | 0 | |a Hasbullah Ibrahim | |
| 245 | 1 | 0 | |a Siri skor STPM : |b hikayat Hang Tuah |c Hasbullah Ibrahim dan Noor Aini Shaari |
| 260 | |a P.Jaya : |b Pan Asia Publications , |c 1993 | ||
| 300 | |a 194p. ; |c 17cm. | ||
| 650 | 0 | 0 | |a Malay literature |x STPM |
| 999 | |a 038301 |b BUKU |c PINJAMAN |e PERPUSTAKAAN KOMUNITI PETALING JAYA | ||
| 999 | |a 038302 |b BUKU |c PINJAMAN |e PERPUSTAKAAN KOMUNITI PETALING JAYA | ||